[Event "Mittelrhein Verbandsliga Sued 1920"]
[Site "Mittelrhein"]
[Date "2020.02.16"]
[Round "6.1"]
[White "Borriss, Martin"]
[Black "Vossenkuhl, Joachim"]
[Result "1-0"]
[WhiteElo "2399"]
[BlackElo "1966"]
[PlyCount "21"]
[EventDate "2019.09.29"]
[EventType "team-tourn"]
[EventRounds "9"]
[EventCountry "GER"]
[SourceTitle "EXT 2023"]
[Source "ChessBase"]
[SourceDate "2022.10.05"]
[SourceVersion "1"]
[SourceVersionDate "2022.10.05"]
[SourceQuality "1"]
[WhiteTeam "Siebengebirge"]
[BlackTeam "Hennef"]
[WhiteTeamCountry "GER"]
[BlackTeamCountry "GER"]

1. e4 e5 2. Nf3 Nf6 3. Nxe5 Nxe4 4. Qe2 Qe7 5. Qxe4 d6 6. d4 dxe5 7. dxe5 Nc6 8. Bb5 Bd7 9. 0-0 0-0-0 10. Bf4 Nxe5 11. Qxe5 1-0

[Event "Mittelrhein Verbandsliga-S 18/19"]
[Site "Nordrheinwestfalen"]
[Date "2019.01.20"]
[Round "6.2"]
[White "Vossenkuhl, Joachim"]
[Black "Wilke, Christopher"]
[Result "1/2-1/2"]
[WhiteElo "1958"]
[BlackElo "1941"]
[PlyCount "26"]
[EventDate "2018.09.02"]
[EventType "team-tourn"]
[EventRounds "11"]
[EventCountry "GER"]
[SourceTitle "EXT 2022"]
[Source "ChessBase"]
[SourceDate "2021.10.06"]
[SourceVersion "1"]
[SourceVersionDate "2021.10.06"]
[SourceQuality "1"]
[WhiteTeam "Hennef"]
[BlackTeam "Niederkassel II"]
[WhiteTeamCountry "GER"]
[BlackTeamCountry "GER"]

1. c4 c6 2. g3 d5 3. Nf3 Nf6 4. Bg2 g6 5. 0-0 Bg7 6. d4 0-0 7. cxd5 cxd5 8. Nc3 Nc6 9. Ne5 e6 10. Bg5 h6 11. Bxf6 Bxf6 12. Nxc6 bxc6 13. Qd2 Rb8 1/2-1/2

[Event "Mittelrhein Verbandsliga-S 18/19"]
[Site "Nordrheinwestfalen"]
[Date "2018.11.18"]
[Round "4.1"]
[White "Reinoehl, Christian"]
[Black "Vossenkuhl, Joachim"]
[Result "1-0"]
[WhiteElo "2121"]
[BlackElo "1958"]
[PlyCount "91"]
[EventDate "2018.09.02"]
[EventType "team-tourn"]
[EventRounds "11"]
[EventCountry "GER"]
[SourceTitle "EXT 2022"]
[Source "ChessBase"]
[SourceDate "2021.10.06"]
[SourceVersion "1"]
[SourceVersionDate "2021.10.06"]
[SourceQuality "1"]
[WhiteTeam "Troisdorf"]
[BlackTeam "Hennef"]
[WhiteTeamCountry "GER"]
[BlackTeamCountry "GER"]

1. e4 c6 2. d4 d5 3. Nd2 dxe4 4. Nxe4 Bf5 5. Ng3 Bg6 6. h4 h6 7. Nf3 Nd7 8. h5 Bh7 9. Bd3 Bxd3 10. Qxd3 e6 11. Bf4 Qa5+ 12. Bd2 Bb4 13. c3 Be7 14. c4 Qc7 15. Qe2 Ngf6 16. 0-0-0 0-0-0 17. Ne5 Nxe5 18. dxe5 Nd7 19. f4 Rhe8 20. Qg4 Bf8 21. Ne4 f5 22. exf6 gxf6 23. Qf3 f5 24. Nf2 Nf6 25. Bc3 Qf7 26. Be5 Bc5 27. Nd3 Be7 28. Qe3 b6 29. Bxf6 Bxf6 30. Ne5 Bxe5 31. Qxe5 Rxd1+ 32. Rxd1 Qc7 33. Rd6 Re7 34. b4 c5 35. b5 Kb7 36. g3 Qc8 37. Qf6 Qe8 38. Qxh6 e5 39. Qg6 exf4 40. Qxe8 Rxe8 41. gxf4 Re4 42. h6 Re1+ 43. Kd2 Rh1 44. Rg6 Kc7 45. Rg7+ Kd6 46. h7 1-0

[Event "Mittelrhein Verbandsliga-S 17/18"]
[Site "Nordrheinwestfalen"]
[Date "2017.12.03"]
[Round "5.2"]
[White "Fischer, Oliver"]
[Black "Vossenkuhl, Joachim"]
[Result "1/2-1/2"]
[WhiteElo "1935"]
[BlackElo "1994"]
[PlyCount "21"]
[EventDate "2017.09.10"]
[EventType "team-tourn"]
[EventRounds "11"]
[EventCountry "GER"]
[SourceTitle "EXT 2022"]
[Source "ChessBase"]
[SourceDate "2021.10.06"]
[SourceVersion "1"]
[SourceVersionDate "2021.10.06"]
[SourceQuality "1"]
[WhiteTeam "Bruehl II"]
[BlackTeam "Hennef"]
[WhiteTeamCountry "GER"]
[BlackTeamCountry "GER"]

1. e4 e5 2. Nf3 Nf6 3. d4 Nxe4 4. Bd3 d5 5. Nxe5 Nd7 6. 0-0 Bd6 7. Nxd7 Bxd7 8. Qf3 0-0 9. Nc3 Nxc3 10. bxc3 c6 11. Re1 1/2-1/2

[Event "Mittelrhein Verbandsliga-S 17/18"]
[Site "Nordrheinwestfalen"]
[Date "2017.09.10"]
[Round "1.1"]
[White "Vossenkuhl, Joachim"]
[Black "Simons, Peter"]
[Result "1/2-1/2"]
[WhiteElo "1989"]
[BlackElo "2042"]
[PlyCount "84"]
[EventDate "2017.09.10"]
[EventType "team-tourn"]
[EventRounds "11"]
[EventCountry "GER"]
[SourceTitle "EXT 2022"]
[Source "ChessBase"]
[SourceDate "2021.10.06"]
[SourceVersion "1"]
[SourceVersionDate "2021.10.06"]
[SourceQuality "1"]
[WhiteTeam "Hennef"]
[BlackTeam "Rheinbacher SF"]
[WhiteTeamCountry "GER"]
[BlackTeamCountry "GER"]

1. c4 d6 2. g3 Nf6 3. Bg2 g6 4. Nc3 Bg7 5. e4 c6 6. Nge2 0-0 7. 0-0 Qa5 8. Rb1 Qh5 9. Nf4 Qxd1 10. Rxd1 e5 11. Nfe2 Be6 12. b3 c5 13. d3 Nc6 14. Nd5 Rab8 15. Bg5 Bxd5 16. cxd5 Nd4 17. Nxd4 cxd4 18. Rbc1 h6 19. Bd2 Rfd8 20. Bh3 Ne8 21. Ba5 b6 22. Bd2 Kh7 23. Rc6 Bf6 24. Rdc1 Kg7 25. Bc8 Be7 26. Ba6 Bf8 27. a4 f5 28. f3 Kf6 29. Bb5 Rb7 30. Rc8 Rb8 31. R8c4 Rb7 32. Bc6 Rbb8 33. b4 Rbc8 34. b5 Rc7 35. a5 Ng7 36. axb6 axb6 37. Ra1 g5 38. g4 fxe4 39. fxe4 Be7 40. Rca4 Rb8 41. Ra8 Rcc8 42. Rxb8 Rxb8 1/2-1/2

[Event "GER-chT9 LI-22 Br01 email"]
[Site "GER email"]
[Date "2011.10.17"]
[Round "?"]
[White "Priepke, Wolfgang"]
[Black "Vossenkuhl, Joachim"]
[Result "1/2-1/2"]
[WhiteElo "2209"]
[BlackElo "2151"]
[PlyCount "61"]
[EventDate "2011.10.23"]
[EventType "tourn (corr)"]
[EventRounds "9"]
[EventCountry "GER"]
[SourceTitle "Corr 2015"]
[Source "ChessBase"]
[SourceDate "2015.07.17"]
[SourceVersion "1"]
[SourceVersionDate "2015.07.17"]
[SourceQuality "1"]

1. e4 c6 2. d4 d5 3. e5 Bf5 4. Nf3 e6 5. Be2 c5 6. Be3 cxd4 7. Nxd4 Ne7 8. c4 Nbc6 9. Qa4 a6 10. Nc3 dxc4 11. 0-0-0 Qa5 12. Qxa5 Nxa5 13. Nxf5 Nxf5 14. Bb6 Nc6 15. f4 Rc8 16. Bxc4 g5 17. g4 Nh4 18. fxg5 Nxe5 19. Be2 Bc5 20. Bxc5 Rxc5 21. Kb1 Ke7 22. Ne4 Rcc8 23. Rc1 Ng2 24. Rxc8 Rxc8 25. Rc1 Rxc1+ 26. Kxc1 Nf4 27. Bd1 Nfd3+ 28. Kc2 Nb4+ 29. Kb3 Nd5 30. Be2 Nf4 31. Bd1 1/2-1/2

[Event "GER-chT9 LI-22 Br01 email"]
[Site "GER email"]
[Date "2011.10.17"]
[Round "?"]
[White "Vossenkuhl, Joachim"]
[Black "Brinkmann, Wilhelm"]
[Result "1/2-1/2"]
[WhiteElo "2151"]
[BlackElo "2184"]
[PlyCount "49"]
[EventDate "2011.10.23"]
[EventType "tourn (corr)"]
[EventRounds "9"]
[EventCountry "GER"]
[SourceTitle "Corr 2015"]
[Source "ChessBase"]
[SourceDate "2015.07.17"]
[SourceVersion "1"]
[SourceVersionDate "2015.07.17"]
[SourceQuality "1"]

1. d4 Nf6 2. c4 g6 3. g3 Bg7 4. Bg2 0-0 5. Nc3 d6 6. Nf3 c5 7. d5 Na6 8. 0-0 Nc7 9. a4 Rb8 10. e4 Bg4 11. h3 Bxf3 12. Bxf3 e6 13. Bf4 e5 14. Be3 Na6 15. a5 Nb4 16. Qd2 Nd7 17. Kg2 f5 18. Be2 Qe7 19. Rab1 Kh8 20. Rbd1 a6 21. Bg5 Bf6 22. Bh6 Bg7 23. Bg5 Bf6 24. Bh6 Bg7 25. Bg5 1/2-1/2

[Event "GER-chT8 LH-23 Br1 email"]
[Site "GER email"]
[Date "2009.10.09"]
[Round "?"]
[White "Hofstetter, Hans Joachim"]
[Black "Vossenkuhl, Joachim"]
[Result "1/2-1/2"]
[WhiteElo "2194"]
[BlackElo "2105"]
[PlyCount "91"]
[EventDate "2009.10.15"]
[EventType "tourn (corr)"]
[EventRounds "8"]
[EventCountry "GER"]
[SourceTitle "Corr 2013"]
[Source "ChessBase"]
[SourceDate "2012.11.12"]
[SourceVersion "1"]
[SourceVersionDate "2012.11.12"]
[SourceQuality "1"]

1. e4 c5 2. c3 Nf6 3. e5 Nd5 4. d4 cxd4 5. Qxd4 e6 6. Nf3 Nc6 7. Qe4 f5 8. Qe2 Qc7 9. g3 b6 10. Bg2 Ncb4 11. Qd1 Ba6 12. Bf1 Bxf1 13. Kxf1 Nc6 14. Qe2 h6 15. h4 Bc5 16. Kg2 Qb7 17. Nbd2 Be7 18. Rd1 0-0 19. c4 Ndb4 20. Nb3 a5 21. a4 Na6 22. Bd2 Ncb4 23. h5 Rfd8 24. Nbd4 Nc5 25. Bc3 d6 26. Kg1 Rd7 27. Nb5 Qe4 28. Qxe4 fxe4 29. exd6 Bxd6 30. Ne1 Rad8 31. Bxb4 axb4 32. a5 bxa5 33. Rxd6 Rxd6 34. Nxd6 Rxd6 35. Rxa5 Nd7 36. Rb5 Rd1 37. Kf1 Rb1 38. Rxb4 Ne5 39. Rb8+ Kf7 40. Ke2 Nxc4 41. b3 Rb2+ 42. Kd1 e3 43. Nd3 exf2 44. Nxf2 Rxf2 45. bxc4 Rf5 46. Rb5 1/2-1/2

[Event "GER-chT8 LH-23 Br1 email"]
[Site "GER email"]
[Date "2009.10.09"]
[Round "?"]
[White "Kalthoff, Peter"]
[Black "Vossenkuhl, Joachim"]
[Result "0-1"]
[WhiteElo "1949"]
[BlackElo "2105"]
[PlyCount "100"]
[EventDate "2009.10.15"]
[EventType "tourn (corr)"]
[EventRounds "8"]
[EventCountry "GER"]
[SourceTitle "Corr 2013"]
[Source "ChessBase"]
[SourceDate "2012.11.12"]
[SourceVersion "1"]
[SourceVersionDate "2012.11.12"]
[SourceQuality "1"]

1. d4 d5 2. Bg5 h6 3. Bh4 c6 4. Nf3 Qb6 5. Qc1 g5 6. Bg3 g4 7. Ne5 Qxd4 8. c4 Bg7 9. e3 Qc5 10. Nd2 Nf6 11. Nd3 Qa5 12. cxd5 Ne4 13. Be2 Bf5 14. Be5 Bxe5 15. Nxe5 Nd7 16. Nxd7 Bxd7 17. dxc6 Bxc6 18. a3 Nxd2 19. Qxd2 Qxd2+ 20. Kxd2 Rg8 21. Rac1 Rd8+ 22. Ke1 f5 23. f3 gxf3 24. gxf3 a6 25. b4 Kf7 26. Rc2 Rg7 27. Rf1 Kf6 28. Rf2 e6 29. Rf1 h5 30. Rc3 Rgd7 31. Rc2 Ba4 32. Ra2 Rg7 33. f4 h4 34. Kf2 h3 35. Bf3 Bb3 36. Rb2 Bd1 37. Bh1 Rd3 38. Re1 b6 39. Ra2 b5 40. Bf3 e5 41. fxe5+ Kxe5 42. Bh1 Rgd7 43. Bc6 Bb3 44. Rb2 Rc7 45. Bf3 Rcc3 46. Kg3 f4+ 47. Kxh3 Rd8 48. Kh4 Rh8+ 49. Kg5 fxe3 50. Rg2 Be6 0-1